<?xml version="1.0" encoding="UTF-8"?>
<record
    xmlns:xsi="http://www.w3.org/2001/XMLSchema-instance"
    xsi:schemaLocation="http://www.loc.gov/MARC21/slim http://www.loc.gov/standards/marcxml/schema/MARC21slim.xsd"
    xmlns="http://www.loc.gov/MARC21/slim">

  <leader>02189cab a2200313Ia 45 0</leader>
  <controlfield tag="001">u198166</controlfield>
  <controlfield tag="003">SIRSI</controlfield>
  <controlfield tag="008">120212s2004    ua     ss b         eng d</controlfield>
  <datafield tag="040" ind1=" " ind2=" ">
    <subfield code="a">EAL</subfield>
  </datafield>
  <datafield tag="041" ind1=" " ind2=" ">
    <subfield code="a">eng</subfield>
    <subfield code="b">ara</subfield>
  </datafield>
  <datafield tag="090" ind1=" " ind2=" ">
    <subfield code="a">ART EJAR V82 No2 SI 7</subfield>
  </datafield>
  <datafield tag="100" ind1="1" ind2=" ">
    <subfield code="a">Shehata, S. A.</subfield>
  </datafield>
  <datafield tag="240" ind1="1" ind2="0">
    <subfield code="a">Egyptian journal of agricultural research, 2004 v. 82 (2), Special issue</subfield>
    <subfield code="h">[electronic resource]:</subfield>
    <subfield code="b">Second International Conference of Organic Agriculture.</subfield>
  </datafield>
  <datafield tag="245" ind1="1" ind2="0">
    <subfield code="a">Effect of some organic manures on growth and chemical composmon of sweet pepper (Capsicum annuum, L.) grown in a sandy soil</subfield>
    <subfield code="h">[electronic resource].</subfield>
  </datafield>
  <datafield tag="246" ind1="1" ind2="5">
    <subfield code="a">&#x62A;&#x623;&#x62B;&#x64A;&#x631; &#x628;&#x639;&#x636; &#x627;&#x644;&#x645;&#x62E;&#x635;&#x628;&#x627;&#x62A; &#x627;&#x644;&#x639;&#x636;&#x648;&#x64A;&#x629; &#x639;&#x644;&#x64A; &#x646;&#x645;&#x648; &#x648; &#x627;&#x644;&#x62A;&#x631;&#x643;&#x64A;&#x628; &#x627;&#x644;&#x643;&#x645;&#x64A;&#x627;&#x626;&#x64A; &#x644;&#x645;&#x62D;&#x635;&#x648;&#x644; &#x627;&#x644;&#x641;&#x644;&#x641;&#x644; &#x627;&#x644;&#x62D;&#x644;&#x648; &#x627;&#x644;&#x645;&#x646;&#x632;&#x631;&#x639; &#x641;&#x64A; &#x62A;&#x631;&#x628;&#x629; &#x631;&#x645;&#x644;&#x64A;&#x629;.</subfield>
  </datafield>
  <datafield tag="300" ind1=" " ind2=" ">
    <subfield code="a">p.57-71.</subfield>
  </datafield>
  <datafield tag="504" ind1=" " ind2=" ">
    <subfield code="a">Includes references.</subfield>
  </datafield>
  <datafield tag="520" ind1=" " ind2=" ">
    <subfield code="a">This investigation was carried out to study the effect of some organic manures on growth, and chemical composition of pepper (Capsicum annuum, L.) in a sandy soil during 1999 and 2001 seasons. This investigation included 16 treatments ( NPK, cattle, chicken and compost containing 165 kg N/fed. and their combination). Treatments received NPK + chicken manure + compost at a rate of ( 113+1/3+113 ) increased plant height, number of leaves and stems as well as their fresh weight and increased concentration of N, P and K in leaves and stems. The same treatment increased total yield and physical properties "length, diameter, weight and flesh thickness" and chemical composition "ascorbic acid, acidity, carotiodies and T.S.S" of pepper fruits. Key words: Pepper, (Capsicum annuum, L), N fertilizer, Organic manure, Cattle, Chicken, Compost, Growth, Yield, Chemical composition.</subfield>
  </datafield>
  <datafield tag="546" ind1=" " ind2=" ">
    <subfield code="a">Summary in Arabic.</subfield>
  </datafield>
  <datafield tag="650" ind1=" " ind2="0">
    <subfield code="a">Sweet peppers</subfield>
    <subfield code="x">Fertilizers.</subfield>
  </datafield>
  <datafield tag="650" ind1=" " ind2="0">
    <subfield code="a">Organic fertilizers.</subfield>
  </datafield>
  <datafield tag="650" ind1=" " ind2="0">
    <subfield code="a">Nitrogen fertilizers.</subfield>
  </datafield>
  <datafield tag="650" ind1=" " ind2="0">
    <subfield code="a">Manures.</subfield>
  </datafield>
  <datafield tag="700" ind1="1" ind2=" ">
    <subfield code="a">Behairy, A. G.</subfield>
  </datafield>
  <datafield tag="700" ind1="1" ind2=" ">
    <subfield code="a">Fawzy, Z. F.</subfield>
  </datafield>
  <datafield tag="773" ind1="0" ind2=" ">
    <subfield code="t">Egyptian Journal of Agricultural Research. </subfield>
    <subfield code="g">2004.v.82(1)SI</subfield>
    <subfield code="x">1110-6336</subfield>
    <subfield code="7">nnas</subfield>
    <subfield code="w">u158585</subfield>
  </datafield>
  <datafield tag="856" ind1="4" ind2="0">
    <subfield code="u">http://nile.enal.sci.eg/EALE/2004/EJAR/8204/2si/57.pdf</subfield>
    <subfield code="z">Full Text Article</subfield>
  </datafield>
  <datafield tag="596" ind1=" " ind2=" ">
    <subfield code="a">1</subfield>
  </datafield>
  <datafield tag="942" ind1=" " ind2=" ">
    <subfield code="c">AR</subfield>
    <subfield code="2">lcc</subfield>
  </datafield>
  <datafield tag="999" ind1=" " ind2=" ">
    <subfield code="c">51064</subfield>
    <subfield code="d">51064</subfield>
  </datafield>
</record>
